The ultimate lifestyle. (Record no. 16509)

000 -LEADER
fixed length control field 00498nam a2200169 a 4500
001 - CONTROL NUMBER
control field :::00019472$&:&@@
003 - CONTROL NUMBER IDENTIFIER
control field OkBaRHE
005 - DATE AND TIME OF LATEST TRANSACTION
control field 20010411113809.0
008 - FIXED-LENGTH DATA ELEMENTS--GENERAL INFORMATION
fixed length control field s1977 j 000 0 eng u
040 ## - CATALOGING SOURCE
Transcribing agency
100 1# - MAIN ENTRY--PERSONAL NAME
Personal name Timmons, Tim
245 14 - TITLE STATEMENT
Title The ultimate lifestyle.
260 ## - PUBLICATION, DISTRIBUTION, ETC. (IMPRINT)
Place of publication, distribution, etc Santa Ana, California
Name of publisher, distributor, etc Vision House Publishers
Date of publication, distribution, etc 1977
300 ## - PHYSICAL DESCRIPTION
Extent 212 p.
942 ## - ADDED ENTRY ELEMENTS (KOHA)
Source of classification or shelving scheme
Koha item type Books
Copies
Full call number Date acquired Shelving location Lost status Source of classification or shelving scheme Withdrawn status Not for loan Price effective from Date last seen Damaged status Koha item type Barcode Copy number Permanent Location
BV 4501.2 .T542010-04-14General Stacks    2010-04-142010-04-14 Books194721RHEMA Bible Training College